000 00615nam a22002417a 4500
003 UA-OsUOA
001 81991
007 ta
008 20120213b un ||||| |||| 00| 0 ukr d
100 _aПарцей М.П.
090 _a94(477.83)
_bП18
942 _cBK
040 _aUA-OsUOA
_bukr
_cUA-OsUOA
_dUA-OsUOA
245 _aСтародавня Жовква
300 _a168 с.
955 _a2
041 _aukr
080 _a94(477.83)
020 _a966-603-396-8
260 _aЛьвыв
_bСвыт
_c2005
650 7 _a9 Географія. Біографії. Історія
_2UDC
999 _c368312
_d368312